Suma všeobecného vymeriavacieho základu za kalendárny rok 2012

Suma všeobecného vymeriavacieho základu za kalendárny rok 2012 - 9660 eur. Veličina, ktorá sa používa pri určovaní sumy dôchodkových dávok, úrazových dávok, dávky garančného poistenia, ako aj pri určení vymeriavacieho základu na platenie poistného na sociálne poistenie a príspevkov na starobné dôch...

Descrizione completa

Salvato in:
Dettagli Bibliografici
Autore principale: Neupauerová, Zuzana
Natura: Capitolo di libro
Lingua:slovacco
Soggetti:
Tags: Aggiungi Tag
Nessun Tag, puoi essere il primo ad aggiungerne!!

MARC

LEADER 00000naa a2200000 4500
001 0169754
005 20240502072936.0
041 0 |a slo 
044 |a SK 
245 1 0 |a Suma všeobecného vymeriavacieho základu za kalendárny rok 2012  |c Zuzana Neupauerová 
520 |a Suma všeobecného vymeriavacieho základu za kalendárny rok 2012 - 9660 eur. Veličina, ktorá sa používa pri určovaní sumy dôchodkových dávok, úrazových dávok, dávky garančného poistenia, ako aj pri určení vymeriavacieho základu na platenie poistného na sociálne poistenie a príspevkov na starobné dôchodkové sporenie. 
610 2 0 |a základ vymeriavací 
610 2 0 |a poistenie sociálne 
610 2 0 |a dôchodky starobné 
610 2 0 |a sporenie dôchodkové starobné 
610 2 0 |a poistenie garančné 
100 1 |a Neupauerová, Zuzana